header

Medical and care compunetics 4 (Record no. 147487)

MARC details
000 -LEADER
fixed length control field 01377nam a22003374a 4500
245 00 - TITLE STATEMENT
Title Medical and care compunetics 4
260 ## - PUBLICATION, DISTRIBUTION, ETC. (IMPRINT)
Place of publication Amsterdam ;
-- Washington, DC :
Name of publisher IOS Press,
Year of publication c2007.
300 ## - PHYSICAL DESCRIPTION
Number of Pages xiii, 317 p. :
Other physical details ill.
490 1# - SERIES STATEMENT
Series statement Studies in health technology and informatics ;
650 #0 - SUBJECT ADDED ENTRY--TOPICAL TERM
Topical Term Medical informatics
Topical Term Telecommunication in medicine
Topical Term Medical telematics
700 1# - ADDED ENTRY--PERSONAL NAME
Personal name Bos, Lodewijk.
Personal name Blobel, Bernd.
856 40 - ELECTRONIC LOCATION AND ACCESS
Uniform Resource Identifier http://site.ebrary.com/lib/rucke/Doc?id=10186841

No items available.

© 2026 Rongo University
Contact us: librarian | system librarian | Rongo university